000 00338pam a2200157a 44500
008 230405s1986 xxu||||| |||| 00| 0 eng d
041 _aENG
100 _aWilliams R.E.
245 _aThe Manual of Lotus 1-2-3
250 _a1
260 _a
_bBPB
_c1986
300 _a251 P, 24 CM
440 _a80
690 _aIMRDA
906 _a570
999 _c253429
_d253429